00626cam a22002055a 450000500170000000800410001701000140005802000260007203500130009803700130011104000130012408200130013710000180015024500660016826000510023427000580028530000290034352000260037270000220039820091103014612.0090911s2009 ii ab b 100 0 eng d aENG-95326 a9788131305836c695.00 aEN-78859 aDBAD/PUB aDPLbeng a333.7071 aPatil, C. S.  aEnvironmental educationcby C.S.Patil [and] Prabhu M. Biradar aNew Delhi :bAPH Publishing Corporationc2009. a4435-36/7. Ansari road, Darya GanjbNew Delhie110002 aviii, 285p.c22 cm. (Hb) aContributed articles. aBiradar,Prabhu M.